| 000 | 00515nam a22001937a 4500 | ||
|---|---|---|---|
| 005 | 20240326120145.0 | ||
| 008 | 240326b |||||||| |||| 00| 0 eng d | ||
| 020 | _a9788131792476 | ||
| 082 |
_a005.74 _bELM-D |
||
| 100 | _aElmasri, Ramez | ||
| 245 |
_aDatabase Systems _cShamkat, B Navathe |
||
| 250 | _a6th ed. | ||
| 260 |
_aUSA: _bPearson; _c2013. |
||
| 300 |
_axxv, 1214 p. : _bill; _c24 cm. |
||
| 500 | _ainclude index. | ||
| 650 | _acomputer science/Database | ||
| 700 | _aShamkat, B Navathe | ||
| 999 |
_c35468 _d35468 |
||